000 00582nam a2200253Ia 4500
005 20260121153813.0
008 008 260114s9999 xx 000 0 eng d
020 _a9780429330094
037 _aEBOOK
040 _aCRL
040 _beng
040 _cCRL
041 _2eng
041 _aeng
084 _qCRL
100 _aJ. Ives; D.C. Pitt
_9999320
245 0 _aDeforestation
260 _bTaylor and Francis
260 _c1988
856 _uhttp://www.taylorfrancis.com/books/9780429330094
942 _cEBOOK
999 _c1566141
_d1566141